• 首页
  • 本馆介绍
  • 公告通知
  • 最新文献
  • 馆藏检索
  • 电子资源
  • 读者导购
  • 参考咨询
  • 我的图书馆
  • 登录
  • 详细信息显示
  • 放入我的书架
  • 预约/预借图书
  • 作者相关作品
  • 分类相关作品
  • 丛书相关作品
  • 出版社相关作品

书目信息

  • 表格格式
  • 工作单格式
  • 卡片格式
题名:
中国工艺美术简史
    
 
作者: 海天 编著
分册:  
出版信息: 上海   上海人民美术出版  2005
页数: 157页
开本: 25cm
丛书名:
单 册:
中图分类: J509.2
科图分类:
主题词: 工艺美术史--中国--高等学校--教材 , 工艺美术史
电子资源:
ISBN: 7-5322-4209-9
000 00804nam0 2200241 450
001 003031646
005 20061120144158.18
010    @a7-5322-4209-9@dCNY38.00
100    @a20051201d2005 em y0chiy0110 ea
101 0  @achi
102    @aCN@b310000
105    @aa z 000yy
200 1  @a中国工艺美术简史@9zhong guo gong yi mei shu jian shi@f海天编著
210    @a上海@c上海人民美术出版@d2005
215    @a157页@c图@d25cm
300    @a高等院校设计理论系列教材
330    @a本书内容主要围绕艺术设计类基础理论按朝代顺序进行编写,共分十章,包括:史前工艺美术、夏商西周工艺美术、春秋战国工艺美术等。
606 0  @a工艺美术史@y中国@x高等学校@j教材
606 0  @a工艺美术史
690    @aJ509.2@v4
701  0 @a海天@9hai tian@c(艺术理论)@4编著
801  0 @aCN@bNLC@c20061120
905    @a10447@dJ509.2@e167
    
    中国工艺美术简史/海天编著.-上海:上海人民美术出版,2005
    157页:图;25cm
    高等院校设计理论系列教材
    
    ISBN 7-5322-4209-9:CNY38.00
    本书内容主要围绕艺术设计类基础理论按朝代顺序进行编写,共分十章,包括:史前工艺美术、夏商西周工艺美术、春秋战国工艺美术等。
●
相关链接 在E读中查询图书 在五车中查询图书 在当当中查询图书 在豆瓣中查询图书


正题名:中国工艺美术简史     索取号:J509.2/167         预约/预借

序号 登录号 条形码 馆藏地/架位号 状态 备注
1 0394540   203945400   第一样本阅览室/ [索取号:J509.2/167] 在馆    
2 0394541   203945419   第一借阅区/ [索取号:J509.2/167] 在馆    
3 0394542   203945428   第一借阅区/ [索取号:J509.2/167] 在馆    
4 0394543   203945437   第一借阅区/ [索取号:J509.2/167] 在馆    
5 0394544   203945446   第一借阅区/ [索取号:J509.2/167] 在馆    
唐山师范学院图书馆 欢迎您!
大连网信软件有限公司© 版权所有